Statistiques concernant 20 pays plus petits dans le Commonwealth

Cliquez ici pour prendre le quiz!

Statistiques générales

  • Ce quiz a été pris 55 fois
    (23 depuis la dernière actualisation)
  • Le résultat moyen est 13 sur 20

Statistiques - réponses

Superficie en km² Pays % Correct
811Kiribati
82%
748Tonga
82%
616Sainte-Lucie
82%
26Tuvalu
77%
344Grenade
77%
2,831Samoa
73%
21Nauru
73%
430Barbade
73%
389Saint-Vincent-et-les-Grenadines
73%
751Dominique
68%
269Saint-Cristophe-et-Niévès
68%
5,128Trinité-et-Tobago
59%
442Antigua-et-Barbuda
59%
455Seychelles
55%
10,991Jamaïque
50%
660Singapour
45%
316Malte
45%
2,040Maurice
45%
5,765Brunei
41%
9,251Chypre
36%

Distribution des résultats

Percentile by Number Answered

% des personnes avec chaque résultat

Votre développement - résultats

Vous n’avez pas pris ce quiz depuis la dernière actualisation